<?xml version="1.0" encoding="UTF-8"?>
<collection xmlns="http://www.loc.gov/MARC21/slim">
 <record>
  <leader>04675cim a2200529Ia 4500</leader>
  <controlfield tag="001">AAL8636</controlfield>
  <controlfield tag="003">BD-DhAAL</controlfield>
  <controlfield tag="005">20160716095744.0</controlfield>
  <controlfield tag="008">031223s2003    nyunnn         f    eng d</controlfield>
  <datafield tag="020" ind1=" " ind2=" ">
   <subfield code="a">0739313126</subfield>
  </datafield>
  <datafield tag="020" ind1=" " ind2=" ">
   <subfield code="a">0385513224</subfield>
  </datafield>
  <datafield tag="040" ind1=" " ind2=" ">
   <subfield code="a">TXW</subfield>
   <subfield code="c">TXW</subfield>
   <subfield code="d">LEO</subfield>
   <subfield code="d">MYG</subfield>
   <subfield code="d">BD-DhAAL</subfield>
  </datafield>
  <datafield tag="082" ind1=" " ind2=" ">
   <subfield code="a">  813/.0872/08</subfield>
  </datafield>
  <datafield tag="090" ind1=" " ind2=" ">
   <subfield code="a">PS3552.R685434.D3 2003b</subfield>
  </datafield>
  <datafield tag="100" ind1="1" ind2=" ">
   <subfield code="a">Brown, Dan,</subfield>
   <subfield code="d">1964-</subfield>
   <subfield code="9">19899</subfield>
  </datafield>
  <datafield tag="245" ind1="1" ind2="4">
   <subfield code="a">The Da Vinci code :</subfield>
   <subfield code="b">a novel /</subfield>
   <subfield code="c">Dan Brown.</subfield>
  </datafield>
  <datafield tag="250" ind1=" " ind2=" ">
   <subfield code="a">Unabridged.</subfield>
  </datafield>
  <datafield tag="260" ind1=" " ind2=" ">
   <subfield code="a">New York :</subfield>
   <subfield code="b">Doubleday,</subfield>
   <subfield code="c">c2003.</subfield>
  </datafield>
  <datafield tag="300" ind1=" " ind2=" ">
   <subfield code="a">489 P. ;</subfield>
   <subfield code="c">18 cm. </subfield>
  </datafield>
  <datafield tag="541" ind1=" " ind2=" ">
   <subfield code="e">8636</subfield>
  </datafield>
  <datafield tag="600" ind1="0" ind2="0">
   <subfield code="a">Leonardo,</subfield>
   <subfield code="c">da Vinci,</subfield>
   <subfield code="d">1452-1519</subfield>
   <subfield code="x">Manuscripts</subfield>
   <subfield code="v">Fiction.</subfield>
   <subfield code="9">19900</subfield>
  </datafield>
  <datafield tag="650" ind1=" " ind2="0">
   <subfield code="a">Cryptographers</subfield>
   <subfield code="v">Fiction.</subfield>
   <subfield code="9">19901</subfield>
  </datafield>
  <datafield tag="650" ind1=" " ind2="0">
   <subfield code="a">Detective and mystery stories.</subfield>
   <subfield code="9">19902</subfield>
  </datafield>
  <datafield tag="650" ind1=" " ind2="0">
   <subfield code="a">Audiobooks.</subfield>
   <subfield code="9">19903</subfield>
  </datafield>
  <datafield tag="700" ind1="1" ind2=" ">
   <subfield code="a">Michael, Paul.</subfield>
   <subfield code="9">19904</subfield>
  </datafield>
  <datafield tag="852" ind1=" " ind2=" ">
   <subfield code="a"> Savar Campus Library</subfield>
   <subfield code="j">General Shelf</subfield>
  </datafield>
  <datafield tag="942" ind1=" " ind2=" ">
   <subfield code="2">ddc</subfield>
   <subfield code="c">BK</subfield>
  </datafield>
  <datafield tag="999" ind1=" " ind2=" ">
   <subfield code="c">37666</subfield>
   <subfield code="d">37666</subfield>
  </datafield>
  <datafield tag="952" ind1=" " ind2=" ">
   <subfield code="0">0</subfield>
   <subfield code="1">0</subfield>
   <subfield code="2">ddc</subfield>
   <subfield code="4">0</subfield>
   <subfield code="6">813_000000000000000__0872_08_BRO</subfield>
   <subfield code="7">0</subfield>
   <subfield code="9">59238</subfield>
   <subfield code="a">SCL</subfield>
   <subfield code="b">SCL</subfield>
   <subfield code="c">GEN</subfield>
   <subfield code="d">2016-07-16</subfield>
   <subfield code="g">180.00</subfield>
   <subfield code="l">13</subfield>
   <subfield code="m">40</subfield>
   <subfield code="o">813.087208 BRO</subfield>
   <subfield code="p">3020008636</subfield>
   <subfield code="r">2024-04-28</subfield>
   <subfield code="s">2024-04-22</subfield>
   <subfield code="t">1</subfield>
   <subfield code="w">2016-07-16</subfield>
   <subfield code="y">BK</subfield>
  </datafield>
  <datafield tag="952" ind1=" " ind2=" ">
   <subfield code="0">0</subfield>
   <subfield code="1">3</subfield>
   <subfield code="2">ddc</subfield>
   <subfield code="4">0</subfield>
   <subfield code="6">813_087208000000000_BRO</subfield>
   <subfield code="7">0</subfield>
   <subfield code="9">59239</subfield>
   <subfield code="a">SCL</subfield>
   <subfield code="b">SCL</subfield>
   <subfield code="c">GEN</subfield>
   <subfield code="d">2016-07-16</subfield>
   <subfield code="g">180.00</subfield>
   <subfield code="l">8</subfield>
   <subfield code="m">28</subfield>
   <subfield code="o">813.087208 BRO</subfield>
   <subfield code="p">3020008635</subfield>
   <subfield code="r">2018-12-08</subfield>
   <subfield code="s">2018-09-24</subfield>
   <subfield code="t">2</subfield>
   <subfield code="w">2016-07-16</subfield>
   <subfield code="y">BK</subfield>
  </datafield>
  <datafield tag="952" ind1=" " ind2=" ">
   <subfield code="0">0</subfield>
   <subfield code="1">0</subfield>
   <subfield code="2">ddc</subfield>
   <subfield code="4">0</subfield>
   <subfield code="6">813_000000000000000__0872_08_BRO</subfield>
   <subfield code="7">0</subfield>
   <subfield code="9">59269</subfield>
   <subfield code="a">SCL</subfield>
   <subfield code="b">SCL</subfield>
   <subfield code="c">GEN</subfield>
   <subfield code="d">2016-07-16</subfield>
   <subfield code="g">180.00</subfield>
   <subfield code="l">14</subfield>
   <subfield code="m">57</subfield>
   <subfield code="o">813.087208 BRO</subfield>
   <subfield code="p">3020008634</subfield>
   <subfield code="r">2020-02-21</subfield>
   <subfield code="s">2020-01-16</subfield>
   <subfield code="t">3</subfield>
   <subfield code="w">2016-07-16</subfield>
   <subfield code="y">BK</subfield>
  </datafield>
  <datafield tag="952" ind1=" " ind2=" ">
   <subfield code="0">0</subfield>
   <subfield code="1">0</subfield>
   <subfield code="2">ddc</subfield>
   <subfield code="4">0</subfield>
   <subfield code="6">813_000000000000000__0872_08_BRO</subfield>
   <subfield code="7">0</subfield>
   <subfield code="9">59387</subfield>
   <subfield code="a">SCL</subfield>
   <subfield code="b">SCL</subfield>
   <subfield code="c">GEN</subfield>
   <subfield code="d">2016-07-21</subfield>
   <subfield code="g">180.00</subfield>
   <subfield code="l">16</subfield>
   <subfield code="m">69</subfield>
   <subfield code="o">813.087208 BRO</subfield>
   <subfield code="p">3020008637</subfield>
   <subfield code="r">2023-04-05</subfield>
   <subfield code="s">2023-02-14</subfield>
   <subfield code="t">4</subfield>
   <subfield code="w">2016-07-21</subfield>
   <subfield code="y">BK</subfield>
  </datafield>
  <datafield tag="952" ind1=" " ind2=" ">
   <subfield code="0">0</subfield>
   <subfield code="1">0</subfield>
   <subfield code="2">ddc</subfield>
   <subfield code="4">0</subfield>
   <subfield code="6">813_000000000000000__0872_08_BRO</subfield>
   <subfield code="7">0</subfield>
   <subfield code="9">59453</subfield>
   <subfield code="a">SCL</subfield>
   <subfield code="b">SCL</subfield>
   <subfield code="c">GEN</subfield>
   <subfield code="d">2016-07-25</subfield>
   <subfield code="e">Tajin Boi Gar</subfield>
   <subfield code="g">80.00</subfield>
   <subfield code="l">15</subfield>
   <subfield code="m">61</subfield>
   <subfield code="o">813.087208 BRO</subfield>
   <subfield code="p">3020008711</subfield>
   <subfield code="r">2025-02-16</subfield>
   <subfield code="s">2025-02-08</subfield>
   <subfield code="t">5</subfield>
   <subfield code="w">2016-07-25</subfield>
   <subfield code="y">BK</subfield>
  </datafield>
  <datafield tag="952" ind1=" " ind2=" ">
   <subfield code="0">0</subfield>
   <subfield code="1">0</subfield>
   <subfield code="2">ddc</subfield>
   <subfield code="4">0</subfield>
   <subfield code="6">813_000000000000000__0872_08_BRO</subfield>
   <subfield code="7">0</subfield>
   <subfield code="9">59461</subfield>
   <subfield code="a">SCL</subfield>
   <subfield code="b">SCL</subfield>
   <subfield code="c">GEN</subfield>
   <subfield code="d">2016-07-26</subfield>
   <subfield code="e">Tajin Boi Gar</subfield>
   <subfield code="g">80.00</subfield>
   <subfield code="l">16</subfield>
   <subfield code="m">59</subfield>
   <subfield code="o">813.087208 BRO</subfield>
   <subfield code="p">3020008712</subfield>
   <subfield code="r">2026-02-17</subfield>
   <subfield code="s">2026-02-04</subfield>
   <subfield code="t">6</subfield>
   <subfield code="w">2016-07-26</subfield>
   <subfield code="y">BK</subfield>
  </datafield>
  <datafield tag="952" ind1=" " ind2=" ">
   <subfield code="0">0</subfield>
   <subfield code="1">0</subfield>
   <subfield code="2">ddc</subfield>
   <subfield code="4">0</subfield>
   <subfield code="6">813_000000000000000__0872_08_BRO</subfield>
   <subfield code="7">0</subfield>
   <subfield code="9">59519</subfield>
   <subfield code="a">SCL</subfield>
   <subfield code="b">SCL</subfield>
   <subfield code="c">GEN</subfield>
   <subfield code="d">2016-08-07</subfield>
   <subfield code="g">180.00</subfield>
   <subfield code="l">12</subfield>
   <subfield code="m">62</subfield>
   <subfield code="o">813.087208 BRO</subfield>
   <subfield code="p">3020008638</subfield>
   <subfield code="r">2023-11-12</subfield>
   <subfield code="s">2023-11-06</subfield>
   <subfield code="t">7</subfield>
   <subfield code="w">2016-08-07</subfield>
   <subfield code="y">BK</subfield>
  </datafield>
  <datafield tag="952" ind1=" " ind2=" ">
   <subfield code="0">0</subfield>
   <subfield code="1">0</subfield>
   <subfield code="2">ddc</subfield>
   <subfield code="4">0</subfield>
   <subfield code="6">813_000000000000000__0872_08_BRO</subfield>
   <subfield code="7">0</subfield>
   <subfield code="9">60264</subfield>
   <subfield code="a">SCL</subfield>
   <subfield code="b">SCL</subfield>
   <subfield code="c">GEN</subfield>
   <subfield code="d">2017-04-18</subfield>
   <subfield code="e">Tajin Boi Ghar</subfield>
   <subfield code="g">100.00</subfield>
   <subfield code="l">12</subfield>
   <subfield code="m">83</subfield>
   <subfield code="o">813.087208 BRO</subfield>
   <subfield code="p">3020008807</subfield>
   <subfield code="r">2023-10-27</subfield>
   <subfield code="s">2023-10-19</subfield>
   <subfield code="t">8</subfield>
   <subfield code="w">2017-04-18</subfield>
   <subfield code="y">BK</subfield>
  </datafield>
  <datafield tag="952" ind1=" " ind2=" ">
   <subfield code="0">0</subfield>
   <subfield code="1">0</subfield>
   <subfield code="2">ddc</subfield>
   <subfield code="4">0</subfield>
   <subfield code="6">813_000000000000000__0872_08_BRO</subfield>
   <subfield code="7">0</subfield>
   <subfield code="9">60265</subfield>
   <subfield code="a">SCL</subfield>
   <subfield code="b">SCL</subfield>
   <subfield code="c">GEN</subfield>
   <subfield code="d">2017-04-18</subfield>
   <subfield code="e">Tajin Boi Ghar</subfield>
   <subfield code="g">100.00</subfield>
   <subfield code="l">13</subfield>
   <subfield code="m">51</subfield>
   <subfield code="o">813.087208 BRO</subfield>
   <subfield code="p">3020008808</subfield>
   <subfield code="r">2024-01-28</subfield>
   <subfield code="s">2024-01-22</subfield>
   <subfield code="t">9</subfield>
   <subfield code="w">2017-04-18</subfield>
   <subfield code="y">BK</subfield>
  </datafield>
  <datafield tag="952" ind1=" " ind2=" ">
   <subfield code="0">0</subfield>
   <subfield code="1">0</subfield>
   <subfield code="2">ddc</subfield>
   <subfield code="4">0</subfield>
   <subfield code="6">813_000000000000000__0872_08_BRO</subfield>
   <subfield code="7">0</subfield>
   <subfield code="9">60266</subfield>
   <subfield code="a">SCL</subfield>
   <subfield code="b">SCL</subfield>
   <subfield code="c">GEN</subfield>
   <subfield code="d">2017-04-18</subfield>
   <subfield code="e">Tajin Boi Ghar</subfield>
   <subfield code="g">100.00</subfield>
   <subfield code="l">13</subfield>
   <subfield code="m">48</subfield>
   <subfield code="o">813.087208 BRO</subfield>
   <subfield code="p">3020008809</subfield>
   <subfield code="r">2022-10-17</subfield>
   <subfield code="s">2022-10-08</subfield>
   <subfield code="t">10</subfield>
   <subfield code="w">2017-04-18</subfield>
   <subfield code="y">BK</subfield>
  </datafield>
  <datafield tag="952" ind1=" " ind2=" ">
   <subfield code="0">0</subfield>
   <subfield code="1">0</subfield>
   <subfield code="2">ddc</subfield>
   <subfield code="4">0</subfield>
   <subfield code="6">813_000000000000000__0872_08_BRO</subfield>
   <subfield code="7">0</subfield>
   <subfield code="9">60267</subfield>
   <subfield code="a">SCL</subfield>
   <subfield code="b">SCL</subfield>
   <subfield code="c">GEN</subfield>
   <subfield code="d">2017-04-18</subfield>
   <subfield code="e">Tajin Boi Ghar</subfield>
   <subfield code="g">100.00</subfield>
   <subfield code="l">11</subfield>
   <subfield code="m">58</subfield>
   <subfield code="o">813.087208 BRO</subfield>
   <subfield code="p">3020008810</subfield>
   <subfield code="r">2023-10-08</subfield>
   <subfield code="s">2023-10-01</subfield>
   <subfield code="t">11</subfield>
   <subfield code="w">2017-04-18</subfield>
   <subfield code="y">BK</subfield>
  </datafield>
  <datafield tag="952" ind1=" " ind2=" ">
   <subfield code="0">0</subfield>
   <subfield code="1">0</subfield>
   <subfield code="2">ddc</subfield>
   <subfield code="4">0</subfield>
   <subfield code="6">813_000000000000000__0872_08_BRO</subfield>
   <subfield code="7">0</subfield>
   <subfield code="9">60268</subfield>
   <subfield code="a">SCL</subfield>
   <subfield code="b">SCL</subfield>
   <subfield code="c">GEN</subfield>
   <subfield code="d">2017-04-18</subfield>
   <subfield code="e">Tajin Boi Ghar</subfield>
   <subfield code="g">100.00</subfield>
   <subfield code="l">15</subfield>
   <subfield code="m">59</subfield>
   <subfield code="o">813.087208 BRO</subfield>
   <subfield code="p">3020008811</subfield>
   <subfield code="r">2026-02-16</subfield>
   <subfield code="s">2026-02-02</subfield>
   <subfield code="t">12</subfield>
   <subfield code="w">2017-04-18</subfield>
   <subfield code="y">BK</subfield>
  </datafield>
  <datafield tag="952" ind1=" " ind2=" ">
   <subfield code="0">0</subfield>
   <subfield code="1">0</subfield>
   <subfield code="2">ddc</subfield>
   <subfield code="4">0</subfield>
   <subfield code="6">813_000000000000000__0872_08_BRO</subfield>
   <subfield code="7">0</subfield>
   <subfield code="9">61110</subfield>
   <subfield code="a">SCL</subfield>
   <subfield code="b">SCL</subfield>
   <subfield code="c">GEN</subfield>
   <subfield code="d">2017-09-13</subfield>
   <subfield code="e">Tajin Boi Gar</subfield>
   <subfield code="g">120.00</subfield>
   <subfield code="l">12</subfield>
   <subfield code="m">53</subfield>
   <subfield code="o">813.087208 BRO</subfield>
   <subfield code="p">3020009186</subfield>
   <subfield code="r">2023-08-27</subfield>
   <subfield code="s">2023-08-04</subfield>
   <subfield code="t">13</subfield>
   <subfield code="w">2017-09-13</subfield>
   <subfield code="y">BK</subfield>
  </datafield>
  <datafield tag="952" ind1=" " ind2=" ">
   <subfield code="0">0</subfield>
   <subfield code="1">0</subfield>
   <subfield code="2">ddc</subfield>
   <subfield code="4">0</subfield>
   <subfield code="6">813_000000000000000__0872_08_BRO</subfield>
   <subfield code="7">0</subfield>
   <subfield code="9">61111</subfield>
   <subfield code="a">SCL</subfield>
   <subfield code="b">SCL</subfield>
   <subfield code="c">GEN</subfield>
   <subfield code="d">2017-09-13</subfield>
   <subfield code="e">Tajin Boi Gar</subfield>
   <subfield code="g">120.00</subfield>
   <subfield code="l">13</subfield>
   <subfield code="m">54</subfield>
   <subfield code="o">813.087208 BRO</subfield>
   <subfield code="p">3020009187</subfield>
   <subfield code="r">2026-02-07</subfield>
   <subfield code="s">2026-02-03</subfield>
   <subfield code="t">14</subfield>
   <subfield code="w">2017-09-13</subfield>
   <subfield code="y">BK</subfield>
  </datafield>
  <datafield tag="952" ind1=" " ind2=" ">
   <subfield code="0">0</subfield>
   <subfield code="1">0</subfield>
   <subfield code="2">ddc</subfield>
   <subfield code="4">0</subfield>
   <subfield code="6">813_000000000000000__0872_08_BRO</subfield>
   <subfield code="7">0</subfield>
   <subfield code="9">61112</subfield>
   <subfield code="a">SCL</subfield>
   <subfield code="b">SCL</subfield>
   <subfield code="c">GEN</subfield>
   <subfield code="d">2017-09-13</subfield>
   <subfield code="e">Tajin Boi Gar</subfield>
   <subfield code="g">120.00</subfield>
   <subfield code="l">12</subfield>
   <subfield code="m">45</subfield>
   <subfield code="o">813.087208 BRO</subfield>
   <subfield code="p">3020009188</subfield>
   <subfield code="r">2023-08-19</subfield>
   <subfield code="s">2023-08-12</subfield>
   <subfield code="t">15</subfield>
   <subfield code="w">2017-09-13</subfield>
   <subfield code="y">BK</subfield>
  </datafield>
  <datafield tag="952" ind1=" " ind2=" ">
   <subfield code="0">0</subfield>
   <subfield code="1">0</subfield>
   <subfield code="2">ddc</subfield>
   <subfield code="4">0</subfield>
   <subfield code="6">813_000000000000000__0872_08_BRO</subfield>
   <subfield code="7">0</subfield>
   <subfield code="9">61113</subfield>
   <subfield code="a">SCL</subfield>
   <subfield code="b">SCL</subfield>
   <subfield code="c">GEN</subfield>
   <subfield code="d">2017-09-13</subfield>
   <subfield code="e">Tajin Boi Gar</subfield>
   <subfield code="g">120.00</subfield>
   <subfield code="l">15</subfield>
   <subfield code="m">61</subfield>
   <subfield code="o">813.087208 BRO</subfield>
   <subfield code="p">3020009189</subfield>
   <subfield code="r">2026-02-07</subfield>
   <subfield code="s">2026-02-02</subfield>
   <subfield code="t">16</subfield>
   <subfield code="w">2017-09-13</subfield>
   <subfield code="y">BK</subfield>
  </datafield>
  <datafield tag="952" ind1=" " ind2=" ">
   <subfield code="0">0</subfield>
   <subfield code="1">0</subfield>
   <subfield code="2">ddc</subfield>
   <subfield code="4">0</subfield>
   <subfield code="6">813_000000000000000__0872_08_BRO</subfield>
   <subfield code="7">0</subfield>
   <subfield code="9">61114</subfield>
   <subfield code="a">SCL</subfield>
   <subfield code="b">SCL</subfield>
   <subfield code="c">GEN</subfield>
   <subfield code="d">2017-09-13</subfield>
   <subfield code="e">Tajin Boi Gar</subfield>
   <subfield code="g">120.00</subfield>
   <subfield code="l">14</subfield>
   <subfield code="m">54</subfield>
   <subfield code="o">813.087208 BRO</subfield>
   <subfield code="p">3020009190</subfield>
   <subfield code="r">2025-11-12</subfield>
   <subfield code="s">2025-11-08</subfield>
   <subfield code="t">17</subfield>
   <subfield code="w">2017-09-13</subfield>
   <subfield code="y">BK</subfield>
  </datafield>
  <datafield tag="952" ind1=" " ind2=" ">
   <subfield code="0">0</subfield>
   <subfield code="1">0</subfield>
   <subfield code="2">ddc</subfield>
   <subfield code="4">0</subfield>
   <subfield code="6">813_000000000000000__0872_08_BRO</subfield>
   <subfield code="7">0</subfield>
   <subfield code="9">61115</subfield>
   <subfield code="a">SCL</subfield>
   <subfield code="b">SCL</subfield>
   <subfield code="c">GEN</subfield>
   <subfield code="d">2017-09-13</subfield>
   <subfield code="e">Tajin Boi Gar</subfield>
   <subfield code="g">120.00</subfield>
   <subfield code="l">11</subfield>
   <subfield code="m">74</subfield>
   <subfield code="o">813.087208 BRO</subfield>
   <subfield code="p">3020009191</subfield>
   <subfield code="r">2026-05-05</subfield>
   <subfield code="s">2026-02-22</subfield>
   <subfield code="t">18</subfield>
   <subfield code="w">2017-09-13</subfield>
   <subfield code="y">BK</subfield>
  </datafield>
  <datafield tag="952" ind1=" " ind2=" ">
   <subfield code="0">0</subfield>
   <subfield code="1">0</subfield>
   <subfield code="2">ddc</subfield>
   <subfield code="4">0</subfield>
   <subfield code="6">813_000000000000000__0872_08_BRO</subfield>
   <subfield code="7">0</subfield>
   <subfield code="9">61116</subfield>
   <subfield code="a">SCL</subfield>
   <subfield code="b">SCL</subfield>
   <subfield code="c">GEN</subfield>
   <subfield code="d">2017-09-13</subfield>
   <subfield code="e">Tajin Boi Gar</subfield>
   <subfield code="g">120.00</subfield>
   <subfield code="l">13</subfield>
   <subfield code="m">49</subfield>
   <subfield code="o">813.087208 BRO</subfield>
   <subfield code="p">3020009192</subfield>
   <subfield code="r">2023-11-11</subfield>
   <subfield code="s">2023-09-28</subfield>
   <subfield code="t">19</subfield>
   <subfield code="w">2017-09-13</subfield>
   <subfield code="y">BK</subfield>
  </datafield>
 </record>
</collection>
